000 01351nam a22002657a 4500
003 OSt
005 20210312114434.0
008 210312s1996 ck d||gr|||| 00| 0 spa d
020 _a8471146487
040 _aCO-JMCR
_cCO-JMCR
041 0 _aspa
082 0 4 _a348.040946 /
_bC747i
_223
100 1 _aConesa Fernandez-Vítora,
_eautor
_935994
245 1 4 _aLos instrumentos de la gestión ambiental en la empresa /
_cVicente Conesa Fernandez-Vitora
260 _aBarcelona :
_bMundi-Presa,
_c1996.
300 _a541 páginas :
_bilustraciones y gráficas en blanco y negro ;
_c24 cm.
504 _aBibliografía : páginas 541.
505 0 _aLa empresa y el medio ambiente -- Los instrumentos auxiliares de la gestión ambiental -- Los instrumentos preventivos de la gestión ambiental -- Los instrumentos correctivos de la gestión ambiental
520 0 _aEl libro va dirigido, tanto a los técnicos redactores de proyectos, como a los responsables de industrias y actividades contaminantes y a los gestores de la administración garantes del cumplimiento de las disposiciones en Materia de Medio Ambiente.
650 1 4 _aAuditoria ambiental
_912936
650 2 4 _aGestión industrial
_xAspectos medioambientales
_935995
650 2 4 _aAnálisis de impacto ambiental
_935996
650 2 4 _aPolítica de medio ambiente
_935997
942 _2ddc
_cBK
999 _c15353
_d15353